Statistics for Guess the Green Day song by Lyrics #2

Click here to take the quiz!

General Stats

  • This quiz has been taken 3 times
  • The average score is 5 of 22

Answer Stats

HintAnswer% Correct
"My mind is set on overdrive, the clock is laughing in my face"Brain Stew
67%
"My mother says to get a job, but she don't like the one she's got"Longview
67%
"Old story, same old story, won't you see the light of day?"Oh Love
67%
"I want to take you through a wasteland I like to call my home"Welcome to Paradise
67%
"You're dead! I'm well fed, give me death or give me head"Bang Bang
33%
"Everyone loves a joke but no one likes a fool, and you're always cracking the same old lines again"Jackass
33%
"She smashed the radio with the Board of Education"Maria
33%
"Without a doubt, singled out, the only way I know"Minority
33%
"I was a high school atom bomb, going off on the weekends"Too Dumb To Die
33%
"The regrets are useless in my mind, she's in my head, I must confess"Whatsername
33%
"Is this some kind of love that only hate would understand?'Amanda
0%
"Hey there looking at me, tell me what do you see?"At the Library
0%
"Let's nuke the bridge we torched two thousand time before, this time we'll blast it all to hell"F.O.D.
0%
"Give me a long kiss goodnight and everything will be alright"Give Me Novacaine
0%
"I'm gonna burn it all down, I'm gonna rip it out"Horseshoes and Handgrenades
0%
"She just wants to get me high, stick a needle in my eye"Lady Cobra
0%
"When I was younger I thought that the world circled around me"One Of My Lies
0%
"There's a plague inside of me, eating at my disposition"Panic Song
0%
"All I want to know right now is if you think about me too"Paper Lanterns
0%
"Well I am a killjoy from Detroit, I drink from a well of rage"Peacemaker
0%
"What's the difference between you and me? I do what I want, and you do what you're told"Reject
0%
"I'm a waste like you, with nothing else to do"Sassafras Roots
0%

Score Distribution

Percentile by Number Answered

Percent of People with Each Score

Your Score History

You have not taken this quiz